Prague linguistic circle papers

Αποθηκεύτηκε σε:
Λεπτομέρειες βιβλιογραφικής εγγραφής
Άλλοι συγγραφείς: Hajicova, Eva (Επιμελητής έκδοσης)
Μορφή: Βιβλίο
Γλώσσα:English
Δημοσίευση: Amsterdam : John Benjamins, 1995
Σειρά:Travaux du Cercle linguistique de Prague
Θέματα:
Ετικέτες: Προσθήκη ετικέτας
Δεν υπάρχουν, Καταχωρήστε ετικέτα πρώτοι!

MARC

LEADER 00000nam a2200000 i 4500
001 1/85931
008 990708s1995 eng d
020 |a 1-55619-674-1 
035 |l 10051961 
040 |a GR-MY-UA  |b gre  |e aacr 
041 0 |a eng 
082 0 |a 410.18 
245 1 0 |a Prague linguistic circle papers /  |c Edited by Eva Hajicova...[et al.] 
260 |a Amsterdam :   |b John Benjamins,   |c 1995 
300 |a 336 p. 
490 1 |a Travaux du Cercle linguistique de Prague 
650 0 0 |a Structural linguistics. 
650 0 0 |a Functionalism (Linguistics) 
700 1 |a Hajicova, Eva.  |4 edt 
830 0 |a Travaux du Cercle linguistique de Prague 
852 |a INST  |b LESVOS  |e 19990909  |h 410.18 PRA  |p 005100015833  |q 005100015833  |t BK  |y 0  |z v.2 
852 |a INST  |b LESVOS  |e 19990708  |h 410.18 PRA  |p 005100015887  |q 005100015887  |t BK  |y 0  |z v.1 
852 |a INST  |b LESVOS  |e 19990909  |h 410.18 PRA  |p 005100015833  |q 005100015833  |t BK  |v v.2:  |y 0  |z v.2 
852 |a INST  |b LESVOS  |e 19990708  |h 410.18 PRA  |p 005100015887  |q 005100015887  |t BK  |v v.1:  |y 0  |z v.1 
853 |a INST  |b LESVOS  |h 410.18 PRA 
901 |a BIBL1-1999-2 
909 |a Λ  |b 066536 
909 |a Λ  |b 067017 
920 |a ΤΜΗΜΑ ΚΟΙΝΩΝΙΚΗΣ ΑΝΘΡΩΠΟΛΟΓΙΑΣ  |y ΛΕΣΒΟΣ  |z 1999-06 
970 |a ΚΑΜΑΤΣΟΥ  |b ΔΕΣΠΟΙΝΑ  |z 1999/07/07